=LDR 00000nam 2200000 4500 =001 INLIS000000000032049 =005 20251029104908 =035 ##$$a 0010-061300000032049 =008 251029###########################0#ind## =041 ##$$a ind =082 ##$$a 530.03 =090 ##$$a R.530.03, Sri e =100 ##$$a Sri, Suyati =245 1#$$a Ensiklopedia Fisika 2, Zat dan Perubahan, /$c Sri Soeyati; Editor,Christina =260 ##$$a Jakarta :$b Ganeca Exact,$c 2007 =300 ##$$a iv,44 hlm, : $b ilus ; $c 30 cm =650 #4$$a Fisika - Ensiklopedia =700 #$$a Christina =850 ##$$a NBPNMAT =020 ##$$a 978-979-571-490-3 =084 ##$$a 530.03 SRI e =990 ##$$a 91230/BPAP-NTB/2014 =990 ##$$a 91231/BPAP-NTB/2014 =990 ##$$a 20903747